[Event "Agneaux St Lo U16 op 20th"]
[Site "Agneaux"]
[Date "2018.07.07"]
[Round "4.3"]
[White "Thiery, Leo"]
[Black "Roussel, Antoine"]
[Result "0-1"]
[WhiteElo "1643"]
[BlackElo "1758"]
[PlyCount "74"]
[EventDate "2018.07.07"]
[EventType "swiss"]
[EventRounds "9"]
[EventCountry "FRA"]
[SourceTitle "EXT 2019"]
[Source "ChessBase"]
[SourceDate "2018.10.10"]
[SourceVersion "1"]
[SourceVersionDate "2018.10.10"]
[SourceQuality "1"]

1. e4 e5 2. Nf3 Nc6 3. Bb5 Nf6 4. 0-0 d6 5. Re1 Be7 6. c3 0-0 7. h3 a6 8. Ba4 b5 9. Bb3 Na5 10. Bc2 c5 11. d4 Qc7 12. Nbd2 cxd4 13. cxd4 Bb7 14. b3 Rfc8 15. Bd3 Qc3 16. Nb1 Qxa1 17. Qd2 Bxe4 18. Rxe4 Nxe4 19. Bxe4 Rab8 20. Kh2 Nc6 21. Nc3 Nb4 22. Bb2 Qf1 23. a3 exd4 24. Qxd4 Bf6 25. Qxb4 Qxf2 26. Bf5 Qxb2 27. Bxc8 Rxc8 28. Nd5 Be5+ 29. Nxe5 Qxe5+ 30. Kg1 Qxd5 31. Qa5 Qc6 32. Kh2 h6 33. Qb4 Qc5 34. Qg4 Qe5+ 35. Kg1 Rc1+ 36. Kf2 Qe1+ 37. Kf3 Qd1+ 0-1